เกมทดสอบตารางสูตรคูณ 12 x 12 - Statistics

General Stats
  • This quiz has been taken 6,770 times
  • The average score is 74 of 144
Answer Stats
Answer % Correct
1
100%
2
100%
3
99%
4
99%
5
99%
6
99%
7
99%
8
99%
10
98%
11
98%
12
98%
2
98%
4
98%
6
98%
9
98%
10
97%
12
97%
14
97%
16
97%
18
97%
8
97%
20
96%
22
96%
24
96%
3
96%
6
96%
12
95%
15
95%
18
95%
21
95%
9
95%
24
94%
27
94%
30
93%
33
93%
12
92%
16
92%
36
92%
4
92%
8
92%
20
91%
24
90%
28
90%
32
89%
36
88%
40
87%
44
87%
10
86%
48
86%
5
86%
15
85%
20
85%
25
84%
30
83%
35
83%
40
82%
45
82%
50
81%
55
80%
60
80%
6
78%
12
77%
18
75%
24
74%
30
73%
36
71%
42
69%
48
67%
54
64%
60
61%
66
60%
72
57%
7
54%
14
53%
21
51%
28
49%
35
47%
42
45%
49
43%
56
40%
63
37%
70
35%
77
34%
84
31%
8
30%
16
29%
24
27%
32
25%
40
23%
48
22%
56
21%
64
19%
72
17%
80
17%
88
16%
96
15%
9
14%
18
13%
27
12%
36
11%
45
10%
54
10%
63
9%
72
8%
81
7%
90
7%
99
7%
10
6%
108
6%
20
6%
30
5%
40
5%
50
5%
60
5%
70
5%
100
4%
80
4%
90
4%
11
3%
110
3%
120
3%
22
3%
33
3%
110
2%
12
2%
44
2%
55
2%
66
2%
77
2%
88
2%
99
2%
121
1%
132
1%
24
1%
36
1%
48
1%
60
1%
72
1%
108
0%
120
0%
132
0%
144
0%
84
0%
96
0%
No matching quizzes found
Score Distribution
Percent of People with Each Score
Percentile by Number Answered
Your Score History
You have not taken this quiz